000 00753nam a2200253Ia 4500
003 OSt
005 20220923223335.0
006 a|||||r|||| 00| 0
007 ta
008 220922b |||||||| |||| 00| 0 hin d
024 _a213,640
037 _cTextual
040 _aARTS
_cARTS
_bhin
041 _2hin
_ahin
082 _aO152,3M88,HK, M3
100 _aचतुरसेन
_9156280
245 0 _aहृदय की प्यास
246 _aHṛudaya kī pyāsa
260 _aदिल्ली
_b ुराजपाल
_c1983
300 _a147पृ.
_ccm.
650 _aहिन्दी साहित्य
_9156264
942 _hO152,3M88,HK, M3
_cTEXL
_2CC
999 _c363848
_d363848